Company abbreviations - Statistics

General Stats
  • This quiz has been taken 25 times
  • The average score is 3 of 15
Answer Stats
IBM Answer % Correct
HP Hewlett Packard
59%
IBM International Business Machines
55%
BBC British Broadcasting Company
36%
UPS United Parcel Service
36%
GSK Glaxo Smith Kline
32%
P&G Procter and Gamble
32%
AT&T American Telephone & Telegraph
9%
NCR National Cash Register
9%
CBS Columbia Broadcasting System
5%
3M Minnesota Mining & Manufacturing
5%
BDO Binder Dijker Otto
0%
B&Q Block & Quayle
0%
DHL Dalsey, Hillblom & Lynn
0%
ITT International Telephone & Telegraph
0%
TNT Thomas Nationwide Transport
0%
No matching quizzes found
Score Distribution
Percent of People with Each Score
Percentile by Number Answered
Your Score History
You have not taken this quiz